Competidores FMS España Temporada 3 - Estadísticas

Estadísticas generales
  • Esta prueba ha sido intentada 149 veces
  • La puntuación promedio es 9 de 10
Estadísticas de respuestas
Hint Respuesta % Correcto
. Chuty
97%
. Skone
96%
. Bnet
94%
. Blon
91%
. Zasko
89%
. Force
84%
. Mr. Ego
82%
. Bta
81%
. Errecé
78%
. Walls
72%
No se encontraron pruebas coincidentes
Distribución de puntuación
Porcentaje de gente con cada puntuación
Porcentaje por número respondido
Historial de tus puntuaciones
No has intentado esta prueba.